|
|
|
|
| LEADER |
01094nam a2200253 u 4500 |
| 001 |
10119335 |
| 003 |
upatras |
| 005 |
20210117205750.0 |
| 008 |
160304s2001 gr gre |
| 020 |
|
|
|a 9600330484
|
| 040 |
|
|
|a ΠΑΝΕΠΙΣΤΗΜΙΟ ΠΑΤΡΑΣ
|c ΠΑΝΕΠΙΣΤΗΜΙΟ ΠΑΤΡΑΣ
|
| 041 |
0 |
|
|a gre
|
| 082 |
0 |
4 |
|a 812.52
|
| 100 |
1 |
|
|9 6023
|a Williams, Tennessee,
|d 1911-1983
|4 aut
|
| 245 |
1 |
0 |
|a Vieux Carre
|b θέατρο
|c Τενεσί Ου΅ιλιαμς; μετάφραση Μαρία Λαϊνά
|
| 260 |
|
|
|a Αθήνα
|b Καστανιώτης
|c 2001
|
| 300 |
|
|
|a 166 σ.
|c 21 εκ.
|
| 650 |
|
4 |
|a Αμερικανικό δράμα
|y 20ός αιώνας
|9 6024
|
| 700 |
1 |
|
|a Λαϊνά, Μαρία,
|d 1947-
|4 trl
|9 102949
|
| 852 |
|
|
|a GR-PaULI
|b ΠΑΤΡΑ
|b ΘΕΑΤΡΟΛΟΓΙΑ
|k ΑΣΧΕ-3
|h 812.52 WIL
|m 002863
|p 025000138124
|t 1
|
| 942 |
|
|
|2 ddc
|c BK15
|
| 952 |
|
|
|0 0
|1 0
|4 0
|6 812_520000000000000_WIL
|7 0
|9 189926
|a THST
|b THST
|d 2016-04-24
|i 002863
|l 1
|o 812.52 WIL
|p 025000138124
|r 2023-01-09 00:00:00
|s 2022-12-21
|t 1
|w 2016-04-24
|y BK15
|
| 998 |
|
|
|c ΜΑΝΙΑ
|d 2016-03
|
| 999 |
|
|
|c 116977
|d 116977
|